Представление документа в формате MARC21

Поле Инд. ПП Название Значение
Тип записи a
Библиографический уровень b
001 Контрольный номер RU/LIBMSTU/422538529
005 Дата корректировки 20190604141138.4
084 a Индекс другой классификации/Индекс ББК 67.401
090 f Сигла хранения (DOS) чз
100 1_ a Автор Павлютенкова М. Ю.
245 10 a Заглавие Электронное правительство в России: состояние и перспективы
653 1_ a Ключевые слова Интернет-порталы; Информационно-коммуникативные технологии; Электронное правительство; Электронные государственные услуги
773 08 t Название источника Полис (Политические исследования)
d Место и дата издания 2013
g Прочая информация № 1. - С. 86-99
901 t Тип документа b